MARC

LEADER 00000nam0a2200000 4500
001 16671
005 20251113154450.0
035 |a (RuTPU)RU\TPU\book\16799 
035 |a BOOK00016868 
090 |a 16671 
100 |a 20011209d1985 km y0rusy50 ca 
101 0 |a rus 
102 |a RU 
105 |a y z 000zb 
200 1 |a Россия накануне "смутного времени"  |f Р. Г. Скрынников 
205 |a 2-е изд., доп. 
210 |a Москва  |c Мысль  |d 1985 
215 |a 206 с. 
600 0 |a Борис Годунов  |c русский царь с 1598 г.  |f 1552-1605  |c Борис Федорович  |2 stltpui  |3 (RuTPU)RU\TPU\pers\116 
606 |a Россия  |x История  |z 2-я пол. 15-16 вв.  |9 81723 
610 1 |a 16 век 
610 1 |a Смутное время 
610 1 |a крепостное право 
610 1 |a Русское государство 
686 |a Т3(2)43  |2 rubbk 
700 1 |a Скрынников  |b Р. Г.  |g Руслан Григорьевич 
801 0 |a RU  |b 63413507  |c 20011209  |g PSBO 
801 2 |a RU  |b 63413507  |c 20121012  |g PSBO 
942 |c BK